| 000 | 00423 a2200169 4500 | ||
|---|---|---|---|
| 003 | OSt | ||
| 005 | 20180116182700.0 | ||
| 008 | 160526b xxu||||| |||| 00| 0 eng d | ||
| 040 | _c0 | ||
| 082 | _a954.035 ZAD 2000 | ||
| 100 | _aZAWAR HUSSAIN ZAIDI | ||
| 245 |
_aJINNAH PAPERS TAMEED E PAKISTAN _cZAWAR HUSSAIN ZAIDI |
||
| 250 | _aVOL 3 | ||
| 260 | _c2000 | ||
| 300 |
_a307 p. _bHB |
||
| 942 |
_aNBS _cBK _k954.035 ZAD _2ddc |
||
| 999 |
_c344019 _d344019 |
||